Qué es esa cosa llamada ciencia? : una valoración de la naturaleza y el estatuto de la ciencia y sus métodos

Gespeichert in:
Bibliographische Detailangaben
1. Verfasser: Chalmers, Alan F (VerfasserIn)
Format: Buch
Sprache:Spanisch
Veröffentlicht: Ciudad de México Siglo XXI 2008
Ausgabe:26a. ed
Schlagworte:
Tags: Tag hinzufügen
Keine Tags, Fügen Sie den ersten Tag hinzu!

MARC

LEADER 00000nam a2200000 a 4500
001 UCH0574
003 CL-VaPUC
008 090320e20080000MX |||||||||||||||||spa|d
020 |a 9682315166 
082 0 4 |a 501  |b CHA  |2 21 
100 0 |a Chalmers, Alan F  |e author  |9 534798 
245 1 0 |a Qué es esa cosa llamada ciencia? : una valoración de la naturaleza y el estatuto de la ciencia y sus métodos 
250 |a 26a. ed 
300 |a 245 p 
942 |c BK 
945 |d 20090320 00:00:00  |a rbrito 
260 |a Ciudad de México  |b Siglo XXI  |c 2008 
650 0 |a Filosofía de las ciencias  |9 256466 
650 0 |a Teoría del conocimiento   |9 255038 
650 0 |a Métodos de investigación   |9 262618 
583 |a last modification  |c 20140401 10:44:41  |k Rodrigo Vera 
999 |c 332857  |d 332855 
952 |0 0  |1 0  |4 0  |6 501_000000000000000_CHA_2008  |7 0  |8 A  |9 420884  |a BIBCUR  |b BIBCUR  |d 2019-11-22  |i 4521110  |o 501 CHA 2008  |p 4521110  |r 2025-04-22  |w 2019-11-22  |y BK  |k BAC 
952 |0 0  |1 0  |4 0  |6 501_000000000000000_CHA_2008  |7 0  |8 A  |9 420886  |a BIBCUR  |b BIBCUR  |d 2019-11-22  |i 4521137  |l 1  |m 2  |o 501 CHA 2008  |p 4521137  |r 2025-04-22  |s 2024-06-06  |w 2019-11-22  |y BK  |k BAC